Countries by Christianity rate - Statistics

General Stats
  • This quiz has been taken 62 times
  • The average score is 3 of 10
Answer Stats
Precent Answer % Correct
100% Vatican City
98%
99% Romania
40%
98.5% Armenia
36%
99% East Timor
28%
97.5% Moldova
25%
97.5.% Solomonislands
19%
97.5% Marshallislands
17%
99% Tonga
17%
99% Papua New Guinea
15%
97.6% Namibia
4%
No matching quizzes found
Score Distribution
Percent of People with Each Score
Percentile by Number Answered
Your Score History
You have not taken this quiz